| 000 | 00793nam a22002177a 4500 | ||
|---|---|---|---|
| 999 |
_c7346 _d7346 |
||
| 003 | AR-CdUCM | ||
| 008 | 190320b ||||| |||| 00| 0 spa d | ||
| 040 |
_aMUNICIPALIDAD PROVINCIAL DEL CUSCO _cBIBLIOTECA MUNICIPAL DEL CUSCO |
||
| 082 |
_a401 / _bER72 |
||
| 100 |
_aErfurt, Thomas de _920698 |
||
| 245 | _aGramática especulativa / | ||
| 260 |
_aBuenos Aires : _bLosada, _c1947. |
||
| 300 |
_a173 páginas ; _c21 cm. |
||
| 500 | _aDonación familia Nieto | ||
| 505 | _aContenido: La gramatica especulativa y su autor -- Influencia de Aristóteles y Porfirio -- Influencia de Donato -- Significado de la gramatica especulativa ... | ||
| 650 |
_aLingüística. _91640 |
||
| 650 |
_aGramática. _99175 |
||
| 700 |
_aFarre, Luis (traducción) _920699 |
||
| 942 |
_2ddc _cLIBROS |
||
| 945 | _aafb | ||